Statystyki dla TOP 15 państw z najniższym PKB (2019)

Kliknij tutaj aby rozwiązać quiz!

Ogólne statystyki

  • Ten quiz został rozwiązany 10 razy
  • Średni wynik to 8 z 15

Statystyki odpowiedzi

HintOdpowiedź% Poprawnych
362Mikronezja
75%
Brak DanychSyria
75%
1 660Wyspy Salomona
75%
251Kiribati
63%
278Palau
63%
216Wyspy Marshala
63%
125Nauru
50%
1 168Samoa
50%
616Tonga
50%
49Tuvalu
50%
855Vanuatu
50%
924Dominika
25%
1 456Saint kitts
25%
1 438Saint vincent
25%
882Wyspy Tomasza
13%

Rozkład punktacji

Percentyl według liczby udzielonych odpowiedzi

Procent ludzi z każdym wynikiem

Twoja historia wyników

Nie rozwiązałeś tego quizu